000 00406 a2200157 4500
001 74032
020 _a
040 _cAnchieta - Colégio São Paulo
100 _aBarros, Sonia maria da Costa Barros
240 1 0 _aExperimentando e descobrindo Ciências
_lpor
245 1 0 _aExperimentando e descobrindo Ciências
300 _a324
362 0 _a0
650 4 _aCiência da vida - Biologia
942 _cBK
999 _c74032
_d74032